000
00284nam a2200121Ia 4500
005
20251222141901.0
008
251222s9999||||xx |||||||||||||| ||spa||
082
_a
323.6/C32
100
_a
Cassidy, Eoin G.
245
0
_a
Community - Constitution - Ethos:
264
_b
REA
942
_c
LIB
999
_c
8059
_d
8059